Динамика физических процессов в активных зонах ближнего космоса и геосфер (Запись № 12612422)

Подробности
000 -МАРКЕР
контрольное поле 03429nam0a2200469 4500
001 - ИДЕНТИФИКАТОР ЗАПИСИ
контрольное поле RU\NLR\BIBL_A\012910353
005 - ИДЕНТИФИКАТОР ВЕРСИИ
контрольное поле 20260407030211.0
010 ## - МЕЖДУНАРОДНЫЙ СТАНДАРТНЫЙ НОМЕР КНИГИ (ISBN)
Номер (ISBN) 978-5-907366-37-4
Тираж 300
021 ## - НОМЕР ГОСУДАРСТВЕННОЙ РЕГИСТРАЦИИ
Код страны российская федерация
Номер 2022-58534
Номер Листа государственной регистраци КН-П-5079
035 ## - ДРУГИЕ СИСТЕМНЫЕ НОМЕРА
Идентификатор записи (RuMoRGB)011194030
035 ## - ДРУГИЕ СИСТЕМНЫЕ НОМЕРА
Идентификатор записи (NLR Aleph) 012910353
100 ## - ДАННЫЕ ОБЩЕЙ ОБРАБОТКИ
Данные общей обработки 20221017d2021 |||y0rusy50 ca
101 0# - ЯЗЫК РЕСУРСА
Язык текста, звукозаписи и т.д. русский
102 ## - СТРАНА ПУБЛИКАЦИИ ИЛИ ПРОИЗВОДСТВА
Страна публикации российская федерация
105 ## - ПОЛЕ КОДИРОВАННЫХ ДАННЫХ: ТЕКСТОВЫЕ МАТЕРИАЛЫ, МОНОГРАФИЧЕСКИЕ
Кодированные данные о монографическом текстовом документе a z 000zy
181 #0 - ПОЛЕ КОДИРОВАННЫХ ДАННЫХ: ВИД СОДЕРЖАНИЯ
Код вида содержания (ISBD) i
Код характеристики содержания (ISBD) axxe
182 #0 - ПОЛЕ КОДИРОВАННЫХ ДАННЫХ: ТИП СРЕДСТВА
Код типа средства (ISBD) n - непосредственное
200 1# - ЗАГЛАВИЕ И СВЕДЕНИЯ ОБ ОТВЕТСТВЕННОСТИ
Основное заглавие Динамика физических процессов в активных зонах ближнего космоса и геосфер
Сведения, относящиеся к заглавию избранные работы, 2018-2022 гг
Первые сведения об ответственности Российская академия наук
Последующие сведения об ответственности Институт космофизических исследований и распространения радиоволн ДВО РАН
-- под общей редакцией доктора физико-математических наук, профессора Б. М. Шевцова
203 ## - ВИД СОДЕРЖАНИЯ И ТИП СРЕДСТВА
Вид содержания Текст
Дополнительные сведения об издании визуальный
Тип средства непосредственный
210 ## - ПУБЛИКАЦИЯ, РАСПРОСТРАНЕНИЕ И ДР.
Место издания, распространения и т.д. Москва
Имя издателя, распространителя и т. д. РАН
Дата издания, распространения и т.д. 2021
215 ## - ФИЗИЧЕСКАЯ ХАРАКТЕРИСТИКА
Специфическое обозначение материала и объем 409 с.
Другие сведения о физической характеристике ил., цв. ил.
Размеры 25
300 ## - ОБЩИЕ ПРИМЕЧАНИЯ
Текст примечания На тит. с.: Российская академия наук - 300 лет
320 ## - ПРИМЕЧАНИЯ О НАЛИЧИИ В ДОКУМЕНТЕ БИБЛИОГРАФИИ / УКАЗАТЕЛЯ
Текст примечания Библиогр. в конце ст.
330 ## - РЕЗЮМЕ ИЛИ РЕФЕРАТ
Текст примечания Представлены комплексные методы и результаты исследований физических процессов и их взаимодействий в системе ближнего космоса и геосфер в условиях повышенной изменчивости солнечной, циклонической и сейсмической активности. Подводятся итоги длительных наблюдений. Разработаны методы системного анализа. Созданы модели нелинейных и релаксационных колебаний с учетом эредитарных и фрактальных эффектов. Особое внимание уделяется аномальным и катастрофическим явлениям. Обсуждаются различные аспекты проблемы изменения климата
606 1# - НАИМЕНОВАНИЕ ТЕМЫ КАК ПРЕДМЕТ
Наименование темы Космическое пространство околоземное
Тематический подзаголовок Геофизические процессы
Системный номер авторитетной/нормативной записи 2229487
Идентификатор авторитетной/нормативной записи RU\NLR\AUTH\661338217
606 1# - НАИМЕНОВАНИЕ ТЕМЫ КАК ПРЕДМЕТ
Наименование темы Ионосферно-магнитосферные возмущения
Системный номер авторитетной/нормативной записи 1178292
Идентификатор авторитетной/нормативной записи RU\NLR\AUTH\66473838
606 1# - НАИМЕНОВАНИЕ ТЕМЫ КАК ПРЕДМЕТ
Наименование темы Геосферные процессы
Системный номер авторитетной/нормативной записи 1436592
Идентификатор авторитетной/нормативной записи RU\NLR\AUTH\66296844
607 ## - ГЕОГРАФИЧЕСКОЕ НАИМЕНОВАНИЕ КАК ПРЕДМЕТ
Географическое наименование Солнце
Тематический подзаголовок Влияние на Землю
Системный номер авторитетной/нормативной записи 1036774
Идентификатор авторитетной/нормативной записи RU\NLR\AUTH\6680706
675 ## - УНИВЕРСАЛЬНАЯ ДЕСЯТИЧНАЯ КЛАССИФИКАЦИЯ (UDC/УДК)
Индекс [53:52
Издание 4
675 ## - УНИВЕРСАЛЬНАЯ ДЕСЯТИЧНАЯ КЛАССИФИКАЦИЯ (UDC/УДК)
Индекс 550.3]
Издание 4
686 1# - ИНДЕКСЫ ДРУГИХ КЛАССИФИКАЦИЙ
Индекс Д244
686 1# - ИНДЕКСЫ ДРУГИХ КЛАССИФИКАЦИЙ
Индекс Д214.224
686 1# - ИНДЕКСЫ ДРУГИХ КЛАССИФИКАЦИЙ
Индекс Д0
686 1# - ИНДЕКСЫ ДРУГИХ КЛАССИФИКАЦИЙ
Индекс В652.7
702 #1 - ИМЯ ЛИЦА - ВТОРИЧНАЯ ОТВЕТСТВЕННОСТЬ
Код отношения Редактор
Материалы, к которым относится поле rus
Графика поля Кириллица
Начальный элемент ввода Шевцов
Часть имени, кроме начального элемента ввода Б. М.
Расширение инициалов личного имени Борис Михайлович
Идентификатор авторитетной/нормативной записи RU\NLR\AUTH\77122642
Системный номер авторитетной/нормативной записи 105567
712 02 - НАИМЕНОВАНИЕ ОРГАНИЗАЦИИ - ВТОРИЧНАЯ ОТВЕТСТВЕННОСТЬ
Код отношения Прочие
Начальный элемент ввода Институт космофизических исследований и распространения радиоволн
Идентифицирующий признак с. Паратунка, Камчатский край
Идентификатор авторитетной/нормативной записи RU\NLR\AUTH\8810012060
Системный номер авторитетной/нормативной записи 521888
942 ## - ДОПОЛНИТЕЛЬНЫЕ ЭЛЕМЕНТЫ ЗАПИСИ (АБИС)
Тип экземпляра АБИС Книга
980 ## - КОЛЛЕКЦИЯ
Название коллекции Национальная библиография
Экземпляры
Тип экземпляра Дата поступления Источник поступления Библиотека постоянного хранения Библиотека текущего хранения Место хранения Шифр хранения Штрих-код Статус не для выдачи Стоимость
Книга 17.10.2022 Обязательный экземпляр РНБ (Московский) РНБ (Московский) Русский книжный фонд: издания с 1957 года, 8этаж, Хран. 2022-7/7448 1-4013467    
Книга 17.10.2022 Обязательный экземпляр РНБ (Московский) РНБ (Московский) Русский книжный фонд: издания с 1957 года, 8этаж, Хран. 2022-7/7448 1-4013468    
Книга 26.10.2022   РНБ (Московский) РНБ (Московский) Зал технической, медицинской и естественнонаучной литературы   ERR-260591   0.00
Книга 27.10.2022   РНБ (Садовая) РНБ (Садовая) Универсальный читальный зал   ERR-260664   0.00